000 00600nam a22001817a 4500
005 20240923100602.0
008 240920b |||||||| |||| 00| 0 eng d
020 _a978-93-5480-327-7
041 _aeng
082 _a615.58
100 _aGARG, VISHAL & MISHRA, DR. BISWANATH AND SHINDE AND SHINDE, VIKRAM RAMCHANDRA, DUBEY, DR. MUKESH KUMAR AND SRIVASTAVA, DR. ANUJ KUMAR
_98573
245 _aPHARMACOTHERAPEUTICS [ D.PHARMA, 2ND ED, ]
250 _a1ST RE-PRINT ED. 2024
260 _aLUCKNOW
_bTHAKUR PUBLICATION PVT.LTD
300 _a200;P
650 _aPHARMACY
_xD.PHARMA
942 _cBK
999 _c8702
_d8700